| 000 | 00710nam a22002177a 4500 | ||
|---|---|---|---|
| 999 |
_c181873 _d181873 |
||
| 005 | 20211007152237.0 | ||
| 010 | _aEN230921 B-741716 | ||
| 020 |
_a9789351508700 _c550.00 |
||
| 035 | _aB-741716 | ||
| 037 | _bSage | ||
| 037 | _bGift | ||
| 082 | _a954.01 | ||
| 100 | _aRakesh Kumar | ||
| 245 |
_aAncient and medieval world: _bfrom evolution of humans to the crisis of feudalism / _cby Rakesh Kumar |
||
| 260 |
_aNew Delhi _bSage _c2018 |
||
| 270 |
_aB1/I-1, Mohan Cooperative Industrial Area, Mathura Road _bNew Delhi _e110044 |
||
| 300 |
_axii, 434p. _c24cm(pbk) |
||
| 500 | _aIndex,1-7 | ||
| 942 |
_2ddc _cEN _mRAK _h954.01 |
||